Logo BPK

Biblioteka

Politechniki Koszalińskiej

Drgania i stateczność układów smukłych : (Rekord nr 45240)

Szczegóły MARC
000 -ETYKIETA REKORDU
podpole kontrolne o stałej długości 00830nam a2200241 i 4500
001 - NUMER KONTROLNY REKORDU
pole kontrolne bg
020 ## - MIĘDZYNARODOWY ZNORMALIZOWANY NUMER KSIĄŻKI - ISBN
ISBN 8320429633
040 ## - ŹRÓDŁO KATALOGOWANIA
Instytucja, która utworzyła rekord BPK
041 0# - KOD JĘZYKA
Kod języka tekstu pol
080 ## - UNIWERSALNA KLASYFIKACJA DZIESIĘTNA - UKD
UKD 534:539.3/.5:517.9
920 ## - Międzynarodowy znormalizowany numer książki – ISBN
ISBN 83-204-2963-3
008 - POLE O STAŁEJ DŁUGOŚCI - DANE KONTROLNE
podpole kontrolne o stałej długości s pl f |000 0 pol
245 10 - TYTUŁ/ODPOWIEDZIALNOŚĆ
Tytuł Drgania i stateczność układów smukłych :
Ciąg dalszy tytułu praca zbiorowa /
Pozostałe elementy strefy tytułu i oznaczenia odpowiedzialności pod kier. nauk. i red. Lecha Tomskiego ; aut. Lech Tomski [et al.].
260 ## - STREFA ADRESU WYDAWNICZEGO
Miejsce wydania Warszawa :
Nazwa wydawcy/dystrybutora Wydawnictwa Naukowo-Techniczne ;
Miejsce wydania Fundacja "Książka Naukowo-Techniczna",
Data publikacji, dystrybucji/powstania dokumentu 2004.
300 ## - STREFA OPISU FIZYCZNEGO
Objętość 344 s. :
Inne cechy fizyczne il. ;
Rozmiary 24 cm.
504 ## - UWAGA DOTYCZĄCA BIBLIOGRAFII
Informacje o bibliografii Bibliogr. przy rozdz.
650 #9 - HASŁO PRZEDMIOTOWE W FORMIE NAZWY OGÓLNEJ LUB JEDNOSTKOWEJ
Nazwa ogólna lub geograficzna Drgania
Określnik ogólny badanie
650 #9 - HASŁO PRZEDMIOTOWE W FORMIE NAZWY OGÓLNEJ LUB JEDNOSTKOWEJ
Nazwa ogólna lub geograficzna Stateczność
Określnik ogólny badanie
650 #9 - HASŁO PRZEDMIOTOWE W FORMIE NAZWY OGÓLNEJ LUB JEDNOSTKOWEJ
Nazwa ogólna lub geograficzna Konstrukcje
Określnik ogólny mechanika
-- badanie
650 #9 - HASŁO PRZEDMIOTOWE W FORMIE NAZWY OGÓLNEJ LUB JEDNOSTKOWEJ
Nazwa ogólna lub geograficzna Metody i |zagadnienia brzegowe
Określnik ogólny stosowanie
-- mechanika
700 1# - HASŁO DODATKOWE - NAZWA OSOBOWA
Nazwa osobowa TOMSKI, Lech
856 ## - LOKALIZACJA I DOSTĘP DO ELEKTRONICZNYCH DOKUMENTÓW ZDALNYCH
Link (URL) http://koha.tu.koszalin.pl/cgi-bin/koha/opac-detail.pl?biblionumber=45240
Tekst linku Katalog online BPK
942 ## - DODATKOWE ELEMENTY (KOHA)
Typ dokumentu Książka
Egzemplarze
Wycofany Status egzemplarza Uszkodzony Dostępność Lokalizacja stała Lokalizacja bieżąca Miejsce przechowywania Sygnatura Kod kreskowy Dział Typ dokumentu
      Tylko na miejscu Biblioteka Politechniki Koszalińskiej Biblioteka Politechniki Koszalińskiej Czytelnia BG 73618 02215471 534 Drgania. Akustyka Książka
© 2023 Biblioteka Politechniki Koszalińskiej :: KOHA